Online
Catalog

Mathematics, / (Record no. 10409)

MARC details
000 -CABECERA
campo de control de longitud fija 00878cam a2200253 a 4500
001 - NÚMERO DE CONTROL
campo de control 000010654
005 - FECHA Y HORA DE LA ÚLTIMA TRANSACCIÓN
campo de control 20200929162250.0
008 - DATOS DE LONGITUD FIJA--INFORMACIÓN GENERAL
campo de control de longitud fija 700114s1969 nyuab b 001 0 eng d
040 ## - FUENTE DE LA CATALOGACIÓN
Centro catalogador/agencia de origen DO-SdBNP
Centro/agencia transcriptor DLC
Centro/agencia modificador DLC
-- BNPHU
082 ## - NÚMERO DE LA CLASIFICACIÓN DECIMAL DEWEY
Número de clasificación 510.1
Número de documento/Ítem B493m
049 ## - FONDOS LOCALES (OCLC)
Fondos de biblioteca BNGR
100 1# - ENTRADA PRINCIPAL--NOMBRE DE PERSONA
Nombre de persona Bergamini, David,
Fechas asociadas al nombre 1928-
9 (RLIN) 25798
245 10 - MENCIÓN DE TÍTULO
Título Mathematics, /
Mención de responsabilidad, etc. David Bergamini and the editors of Time-Life Books ; introduction of Henry Margenau.
260 ## - PUBLICACIÓN, DISTRIBUCIÓN, ETC.
Lugar de publicación, distribución, etc. New York :
Nombre del editor, distribuidor, etc. Time-Life Books,
Fecha de publicación, distribución, etc. 1969.
300 ## - DESCRIPCIÓN FÍSICA
Extensión 200 p. :
Otras características físicas illus., maps, ;
Dimensiones 28 cm.
490 1# - MENCIÓN DE SERIE
Mención de serie Life science library
500 ## - NOTA GENERAL
Nota general Part of the illustrative matter is col.
504 ## - NOTA DE BIBLIOGRAFÍA, ETC.
Nota de bibliografía, etc. Bibliography: p. 196.
650 #4 - PUNTO DE ACCESO ADICIONAL DE MATERIA--TÉRMINO DE MATERIA
Término de materia o nombre geográfico como elemento de entrada Matemáticas
Subdivisión general Obras de divulgación
9 (RLIN) 25799
700 1# - PUNTO DE ACCESO ADICIONAL--NOMBRE DE PERSONA
Nombre de persona Margenau, Henry,
Término indicativo de función/relación intr.
9 (RLIN) 25800
710 2# - PUNTO DE ACCESO ADICIONAL--NOMBRE DE ENTIDAD CORPORATIVA
Nombre de entidad corporativa o nombre de jurisdicción como elemento de entrada Time-Life Books.
9 (RLIN) 25801
830 #0 - PUNTO DE ACCESO ADICIONAL DE SERIE-TÍTULO UNIFORME
Título uniforme Life science library
9 (RLIN) 25802
910 ## - DATOS DE OPCIÓN DEL USUARIO (OCLC)
Datos de opción del usuario Catalogación derivada
Holdings
Estado de retiro Estado de pérdida Restricciones de uso No para préstamo Código de colección Localización permanente Ubicación/localización actual Ubicación en estantería Fecha de adquisición Número de inventario Total de préstamos Signatura topográfica completa Código de barras Fecha visto por última vez Número de copia Precio válido a partir de Tipo de ítem Koha
    Préstamo restringido Préstamo restrigido Monografías: Libros y Folletos General General En catalogación 08.10.2009 LF1   510.1 B493m 10654-10 25.06.2020 e. 1 25.06.2020 Préstamo interno

Powered by Koha